Rivers by Picture Clue - Statistics

General Stats
  • This quiz has been taken 15 times
  • The average score is 11 of 15
Answer Stats
Picture Hint Answer % Correct
South America Amazon
100%
Africa Congo
100%
Africa Orange
100%
Europe Severn
100%
Asia Yellow
100%
Asia Pearl
93%
Oceania Murray
87%
North America Snake
87%
North America Colorado
73%
North America Nelson
73%
Europe Po
60%
North America Hudson
53%
South America Magdalena
13%
Europe Tyne
13%
Asia Nan
0%
No matching quizzes found
Score Distribution
Percent of People with Each Score
Percentile by Number Answered
Your Score History
You have not taken this quiz